Beatboxers' Stage Names - Statistics

General Stats
  • This quiz has been taken 41 times
  • The average score is 25 of 117
Answer Stats
Hint Answer % Correct
Dan Lowes D-low
66%
Peter Sarancha Helium
59%
Bart Voogt B-Art
55%
Alex Sanchez BizKit
55%
Tomás Vicente Opitz Jerez Tomazacre
55%
Kasper Borgen Andersen KBA
52%
Hyeonseo Choi Hiss
45%
Kohei Toyoda Kohey
45%
Max Moravski MaxO
45%
Ilya de Swerdt Yaswede
45%
Neil Patrick Meadows NaPoM
41%
Jethro Snyman Remix
41%
Youngheon Ha Two.H
41%
Tim Van Droogenbroeck FootboxG
38%
Marvel Adolf Sianipar Marvelous
38%
Oskar Svalbers Osis
38%
Max Ostrowska PACMax
38%
Raj Chaudhary Raje
38%
Sung Lee SungBeats
38%
Yousef Okashah Abo Ice
34%
Maël Gayaud Alem
34%
Alberto Niero BlackRoll
34%
Julius Treike Chezame
34%
Julien Callewaert Colaps
34%
Emmanuel Dave Nicolas DEN
34%
Charlie Pitt Frosty
34%
Joshua Oberes Josh O
34%
Jules Gall Julard
34%
Romiro "Rome" Hall King Inertia
34%
Gunho Kim Wing
34%
Zackary Van Dreese ZVD
34%
Aël Eleouet AëlMight
31%
Alexis Grimaud Alexinho
31%
Daehyun Jang Hellcat
31%
Ivan Alexandrov Improver
31%
Enzo Fumex River'
31%
Sota Kato SO-SO
31%
Michael Gabriel Smith Stitch
31%
Juan Camilo Yepes Pérez Exallos
28%
Taehyun Ha H-has
28%
Joseph Sim JP
28%
Sou Kajiyama KAJI
28%
Xin An SXIN
28%
Eldar Gabdullin Dropical
24%
Pablo Sarik Roth Kaos
24%
Benoit Poujade Tioneb
24%
Arjan Van Heerde AVH
21%
Arthur Larrieu Bookie Blanco
21%
Hirohisa Yano HIRO
21%
Jack Hobbs Hobbit
21%
Matej Havlicek M-Age
21%
Yunosuke Momiyama momimaru
21%
Harry Yeff Reeps One
21%
Ryusei Kato RUSY
21%
Alexander Deyanov SkilleR
21%
Zaur Balagdashev Zer0
21%
Canon Morgan 808Banon
17%
Daichi Go Bly Crepsley
17%
David Tverskoy D-Koy
17%
Eduardo Almeida Dudz
17%
Jordi Ramos Rivera JordoX
17%
Adriana Nikolova Pe4enkata
17%
Loïc Barcourt Rythmind
17%
Joscha Burgel SyJo
17%
Walid Baali Wawad
17%
Joel Marian ZeDe
17%
Dohyeon Lee DICE
14%
Elias Omar Nasari Eon
14%
Harith Ezzalni Heartzel
14%
Maxim Mirilashvili Max
14%
Andrés Martínez Mr. Androide
14%
Tristan Coudray Saro
14%
Wonjun Park Steady
14%
Anthony Ridenhour Vocodah
14%
Walter Sierra Waali
14%
Matthieu Aokiji Akindé
10%
David Le Borgne BreZ
10%
Georg Emanuel Haselböck Geo Popoff
10%
Yuri Obukhov Inkie
10%
Pascal Dukic Matej
10%
Mohamed Belkhir MB14
10%
Gichan Kwon Mighty
10%
Osama Moucharaf OSY
10%
Martin Geunens Supernova
10%
Driss Ben Elghali Tunecinoo
10%
Donato Alférez Marin Zekka
10%
Janek Engel Antrix
7%
Brandon Kirwin Balance
7%
Darren Alexander Foreman Beardyman
7%
Loïc Palmiste Beasty
7%
Minki Han Cloud
7%
Coleman Stanton clutch.
7%
Malcolm Nouvel Epock
7%
Robert McKay Epos
7%
Luka Krause FRIIDON
7%
Nyall Gray Graycloud
7%
Ori Abada Hippy
7%
Evgeny Frolikov Jayton
7%
Andrea Cimitan NME
7%
Pavel Frolikov Pash
7%
Peter Sampson THePETEBOX
7%
Daan Steensma Voxel
7%
Ondřej Štefaničák Watt
7%
Adil Israr AnTILT
3%
Ethan Robert Faulkner Balistix
3%
Fabian Quèzac Beatness
3%
Ilias Benouri BigBen
3%
Balázs Czibulka Blaz
3%
Nassim Beumeuge BMG
3%
Philippe Zeidler Chlorophil
3%
Sajad Jahangiri CJ
3%
Fabrice Nocenté Efaybee
3%
Marc Kharradji Faya Braz
3%
Filipe Costa Kenôzen
3%
Nicolás Del Ama Nils
3%
Félix Rimai Raptor
3%
Máté Nyikonyuk Shackle
3%
No matching quizzes found
Score Distribution
Percent of People with Each Score
Percentile by Number Answered
Your Score History
You have not taken this quiz